000 00554nam a2200229Ia 4500
003 OSt
005 20220924134828.0
006 a|||||r|||| 00| 0
007 ta
008 220923b |||||||| |||| 00| 0 ben d
024 _a287491
037 _cTextual
040 _aARTS
_cARTS
_bben
041 _2ben
_aben
082 _aC293v, 157L1
100 _aChattopadhyay
_9176213
245 0 _aParamanu giyiaan
260 _c1971
650 _aPHYSICS
942 _hC293v, 157L1
_cTEXL
_2CC
999 _c438786
_d438786